| 000 | 00659nab a2200181 4500 | ||
|---|---|---|---|
| 001 | 244442 | ||
| 003 | OSt | ||
| 005 | 20230731115200.0 | ||
| 007 | tu | ||
| 008 | 200917s2020||||||| | ||
| 040 |
_aDE-2950 _cDE-2950 |
||
| 245 | 0 | 0 |
_aAusstieg mit Rollstuhl nicht möglich. _bÖPNV. Barrierefreiheit bei Bus und Straßenbahn wird auch in Frankfurt (Oder) angestrebt. Doch bis dahin ist es noch ein weiter Weg. Das zeigt ein Beispiel aus Hansa Nord/ _cPhilipp Stepputtis |
| 264 | _c2023 | ||
| 653 | _aFrankfurt (Oder) | ||
| 653 | _aBarrierefreiheit | ||
| 773 | 0 |
_g34. Jahrgang (2023) Nr. 167 vom 20.07.2023, S. 15, mit Foto _tMärkische Oderzeitung |
|
| 942 |
_2z _cA |
||
| 999 |
_c372647 _d372647 |
||